01494nam a22002777a 450000500170000000800410001702000180005804000090007604100080008508200180009310000170011124500660012825000120019426000250020630000240023136500640025550000820031952006950040165000120109665000140110865000210112265000210114365000110116465000190117570000220119420250805093223.0220210b ||||| |||| 00| 0 eng d a9789353949297 cAloy aeng 223a530bYOUS aHugh D Young aSears and Zemanskys University Physicsb: With Modern Physics a15th ed aNoidabPearsonc2022 a1594pbPBc27x22 cm 2PhysicsaABDI/0543/22b749.25c₹d999.00e25%f07-02-2022 aContributing Author - A. Lewis Ford SI Conversion by Katarzyna Zuleta Estrugo aUniversity Physics has been revered for its emphasis on fundamental principles and its applications since its first edition. The new 15th Edition of University Physics with Modern Physics, now in SI Units, draws on insights from several users to help students see patterns and make connections between problem types. Students learn to recognize when to use similar steps in solving the same problem type and develop an understanding for problem solving approaches, rather than simply plugging values into an equation. This edition addresses students’ tendency to focus on the objects and situations posed in a problem, rather than recognizing the underlying principle or the problem type. aPhysics aMechanics aWaves/Accoustics aElectromagnetism aOptics aModern Physics aFreedman, Roger A